Història de la Maternitat de les Corts de Barcelona (segles XIX i XX) / Julià Farré i Sostres
ISBN:
84-607-8464-9
Descripción Física:
167 p. : il, ; 24 cm
MARC
| LEADER | 00000nam a2200000Ia 4500 | ||
|---|---|---|---|
| 001 | 15761 | ||
| 008 | 160829s2003 xx 000 0 cat d | ||
| 020 | |a 84-607-8464-9 | ||
| 080 | |a S-1-190 | ||
| 100 | |a Farré i Sostres, Julià |9 24468 | ||
| 245 | |a Història de la Maternitat de les Corts de Barcelona (segles XIX i XX) / Julià Farré i Sostres | ||
| 260 | |a Manresa : |b Arxiu Històric de les Ciències de la Salut, |c 2003 | ||
| 300 | |a 167 p. : |b il, ; |c 24 cm | ||
| 490 | |a Publicacions de l'Arxiu Històric de les Ciències de la Salut ; 4 | ||
| 590 | |a Pàgina 123 mal impresa. | ||
| 590 | |a Bibliografia p. 165-167 | ||
| 610 | 1 | 0 | |a Casa de Maternitat i Expòsits de Barcelona |x Història |9 17620 |
| 610 | 1 | 0 | |a Casa de Maternitat i Expòsits de Barcelona |x Història |9 17620 |
| 610 | 1 | 0 | |a Casa de Maternitat i Expòsits de Barcelona |x Història |9 17620 |
| 710 | |a Arxiu Històric de les Ciències de la Salut |9 69870 | ||
| 901 | |a Arxiu | ||
| 942 | |n 1 | ||
| 952 | |0 0 |1 0 |4 0 |6 S1190 |7 1 |9 47756 |a Arxiu |b Arxiu |d 2016-12-01 |l 0 |o S-1-190 |p 15761 |r 2016-12-01 00:00:00 |w 2016-12-01 |y ARXIU | ||
| 999 | |c 51555 |d 51555 | ||